000 00512nam a2200217Ia 4500
001 13908
003 GE_BSU
008 181216s||||||||xx |||||||||||||| ||und||
020 _a9780061894572
040 _cGE_BSU
080 _a821.111-3
100 _aSands,Lunsay.
245 _aHungry for you.
245 3 _bAn Argeneau novel.
260 _aNew York.
260 _bAvon.Harper collins publishers.
260 _c2010
300 _a374p;18cm.
653 _aHungry for you.An Argeneau novel.
942 _cBK
999 _c47051
_d47051